| 000 | 00523nam a22001817a 4500 | ||
|---|---|---|---|
| 005 | 20230530032946.0 | ||
| 008 | 221223b |||||||| |||| 00| 0 eng d | ||
| 020 | _a978-971-0445-59-2 | ||
| 082 | _aFil. 641.71 C19 2009 | ||
| 100 |
_aCariño, Celia E. _eauthor |
||
| 245 |
_aExperience baking / _cCelia E. Cariño, Amor S. Lazaro |
||
| 260 |
_aManila: _bMindshapers, _cc2009. |
||
| 300 |
_avi, 179p.; _bill. |
||
| 504 | _aIncludes bibliographies | ||
| 541 | _e1895 | ||
| 650 | _aBaking | ||
| 700 |
_aLazaro, Amor S. _eauthor |
||
| 999 |
_c435 _d435 |
||